000
00318nam a2200133Ia 4500
005
20251222144919.0
008
251222s9999||||xx |||||||||||||| ||spa||
020
_a
85-323-0770-1
082
_a
302.234.5/V11
100
_a
Vasallo de Lopes M.
245
0
_a
Viviendo como Telenovela:
264
_b
Summus
942
_c
LIB
999
_c
22632
_d
22632